Teoría y práctica del Derecho Internacional Público (Registro nro. 15380)

MARC details
000 -CABECERA
campo de control de longitud fija 00611nam a2200181 4500
008 - DATOS DE LONGITUD FIJA--INFORMACIÓN GENERAL
campo de control de longitud fija 200729b xxu||||| |||| 00| 0 eng d
082 ## - NÚMERO DE LA CLASIFICACIÓN DECIMAL DEWEY
Número de edición 20
Número de clasificación 341 L791oi 1977
100 ## - ENTRADA PRINCIPAL--NOMBRE DE PERSONA
Nombre de persona Llanos, Hugo
9 (RLIN) 25812
245 ## - MENCIÓN DE TÍTULO
Título Teoría y práctica del Derecho Internacional Público
260 ## - PUBLICACIÓN, DISTRIBUCIÓN, ETC. (PIE DE IMPRENTA)
Lugar de publicación. Santiago de Chile
Fecha de publicación, distribución, etc. 1977
Nombre del editor, distribuidor, etc. Jurídica de Chile
300 ## - DESCRIPCIÓN FÍSICA
Extensión 536p.
500 ## - NOTA GENERAL
Nota general Colección Humberto Nogueira Alcalá c.2
650 ## - PUNTO DE ACCESO ADICIONAL DE MATERIA--TÉRMINO DE MATERIA
Término de materia o nombre geográfico como elemento inicial DERECHO INTERNACIONAL PÚBLICO
9 (RLIN) 10364
650 ## - PUNTO DE ACCESO ADICIONAL DE MATERIA--TÉRMINO DE MATERIA
Término de materia o nombre geográfico como elemento inicial CONVENCION DE VIENA
9 (RLIN) 11310
650 ## - PUNTO DE ACCESO ADICIONAL DE MATERIA--TÉRMINO DE MATERIA
Término de materia o nombre geográfico como elemento inicial DERECHO DE LOS TRATADOS
9 (RLIN) 11311
650 ## - PUNTO DE ACCESO ADICIONAL DE MATERIA--TÉRMINO DE MATERIA
Término de materia o nombre geográfico como elemento inicial TRATADOS INTERNACIONALES
9 (RLIN) 2057
942 ## - ELEMENTOS DE PUNTO DE ACCESO ADICIONAL (KOHA)
Fuente del sistema de clasificación o colocación
Tipo de ítem Koha Libro
Existencias
Estado de retiro Estado de pérdida Fuente del sistema de clasificación o colocación Estado dañado No para préstamo Código de colección Localización permanente Ubicación/localización actual Fecha de adquisición Fuente de adquisición Signatura topográfica completa Código de barras Fecha visto por última vez Precio válido a partir de Tipo de ítem Koha Total de préstamos
          Reference Biblioteca Central Biblioteca Central 29/07/2020 Donación 341 L791oi 1977 c.1 00023781 29/07/2020 29/07/2020 Libro  
          Reference Biblioteca Central Biblioteca Central 07/11/2025 Donación 341 L791oi 1977 HNA 26254 07/11/2025 07/11/2025 Libro  
Derechos Reservados © 2011 Universidad Miguel de Cervantes. Mac Iver 370. Santiago Centro, C.P. 8320170. Chile. / Teléfono: +56 (2) 2 927 34 00